A token of Christian love: or, the fourth gift of Theophilus Philanthropos, student in physick.

Bibliographic Details
Main Author: Poole, R. (Robert), 1708-1752
Format: eBook
Language:English
Edition:The second edition, greatly enlarg'd.
Series:Eighteenth century collections online.
Online Access:Full text online

MARC

Tag First Indicator Second Indicator Subfields
LEADER 00000cam a2200000 4500
001 in00001965513
006 m | d |
007 cr |n||||||||n
008 791208s1740 enk|||| s 00||||eng d
005 20260407204902.3
035 |a (CStRLIN)ESTCT68045 
040 |a Uk-ES  |c Uk-ES  |d CStRLIN  |d Thomson Gale  |d UtOrBLW 
100 1 |a Poole, R.  |q (Robert),  |d 1708-1752. 
245 1 2 |a A token of Christian love: or, the fourth gift of Theophilus Philanthropos, student in physick. 
250 |a The second edition, greatly enlarg'd. 
264 3 |a London :  |b printed Anno Dom. 1740. And are to be had at Mr. Duncomb's,  |c [1740] 
300 |a 4 unnumbered pages, vi, 34p :  |b illustrations ;  |c 8⁰. 
336 |a text  |b txt  |2 rdacontent 
337 |a computer  |b c  |2 rdamedia 
338 |a online resource  |b cr  |2 rdacarrier 
500 |a Theophilus Philanthropos = Robert Poole. 
500 |a Reproduction of original from the British Library. 
510 4 |a English Short Title Catalog,  |c ESTCT68045. 
533 |a Electronic reproduction.  |b Farmington Hills, Mich. :  |c Thomson Gale,  |d 2003.  |n Available via the World Wide Web.  |n Access limited by licensing agreements  |7 s2003 miunns 
500 |a Electronic resource. 
830 0 |a Eighteenth century collections online. 
856 4 0 |u http://proxy.library.tamu.edu/login?url=https://galenet.galegroup.com/servlet/ECCO?c=1&stp=Author&ste=11&af=BN&ae=T068045&tiPG=1&dd=0&dc=flc&docNum=CW118378683&vrsn=1.0&srchtp=a&d4=0.33&n=10&SU=0LRF&locID=txshracd2898  |z Full text online  |t 0 
999 |a MARS 
999 f f |s b7ac5b4d-5f5a-3628-a344-09502a22417e  |i 562ed75e-1a03-3224-ac11-8353af9bf941  |t 0 
952 f f |a Texas A&M University  |b College Station  |c Electronic Resources  |s www_evans  |d Available Online  |t 0  |h No information provided 
998 f f |t 0  |l Available Online